Pays avec l'indice d'inégalité de genre le plus élevé - Statistiques

Statistiques générales
  • Ce quiz a été pris 39 fois
  • Le résultat moyen est 13 sur 20
Statistiques - réponses
Indice Pays % Correct
0,605 RépubliqueDémocratique
du Congo
91%
0,609 Niger
82%
0,677 Nigeria
82%
0,665 Afghanistan
76%
0,609 Guinée
76%
0,607 Mali
76%
0,603 Mauritanie
76%
0,674 Somalie
76%
0,820 Yémen
73%
0,671 Tchad
67%
0,631 Guinée-Bissau
64%
0,656 Libéria
64%
0,578 Togo
58%
0,649 Bénin
55%
0,585 Gambie
52%
0,579 Malawi
48%
0,613 Sierra Leone
48%
0,612 Côte d'Ivoire
45%
0,621 Haïti
30%
0,604 PapouasieNouvelle-Guinée
27%
Aucun quiz correspondant
Distribution des résultats
% des personnes avec chaque résultat
Percentile par nombre de réponses
Votre historique - résultats
Vous n’avez pas pris ce quiz